| 000 | 019770000a22003610004500 | ||
|---|---|---|---|
| 001 | 18559 | ||
| 003 | CO-MdFUSB | ||
| 005 | 20241002062720.0 | ||
| 008 | 160729t2013 sp ||||f |||| 00| 0 spa d | ||
| 020 | _a9788430118342 | ||
| 040 |
_aCO-MdFUSB _bEspañol _cCO-MdFUSB _dCO-MdFUSB |
||
| 041 | _aspa | ||
| 082 |
_224 _aG 270.1 _bF488f |
||
| 245 | 0 | 0 | _aLa filocalia de la oración de Jesús |
| 250 | _aSegunda edición | ||
| 264 |
_aSalamanca, _bEspaña : Sígueme, _c2013 |
||
| 300 |
_a206 páginas _c21,5 cm |
||
| 336 |
_2rdacontent _a1 _ba1 |
||
| 337 |
_2rdamedia _a2 _b5 |
||
| 338 |
_2rdacarrier _a2 _b5 |
||
| 490 |
_aICTHYS : Oriente cristiano / Dirigida por Francisco José López Sáez ; _vVol. 3 |
||
| 501 | _aRústico | ||
| 505 | 0 | 0 | _aEn el siglo XVIII, el príncipe Maurocordato encargó a un obispo llamado Macario y a un monje de nombre Nicodemo que recopilaran y ordenaran los textos fundamentales sobre la oración del espíritu. Aquel amplio compendio pretendía favorecer la práctica de la oración constante en medio de la vida activa e iniciar en la contemplación de la voluntad de Dios. El resultado fue un volumen de más de mil páginas, del cual el presente libro es una antología. Desde los Padres del desierto hasta los autores espirituales del siglo XV, cada uno aporta a la Filocalia lo mejor de su sabiduría sobre la práctica de la oración del corazón. De hecho, esta plegaria busca instalarse en cada uno de los latidos del creyente para que el propio Jesucristo vaya conformando su ser. Orar para alcanzar la divinización en el Hijo con el Espíritu Santo, resplandor glorioso de la Trinidad. |
| 600 | 0 | 7 |
_aJesucristo _xVida y obra |
| 600 | 0 | 7 |
_aJesucristo _xVida espiritual |
| 650 | 7 |
_aCristianismo _xHistoria _y0030-0600 (Iglesia primitiva) _2 _9217 |
|
| 650 | 7 |
_986 _aOración |
|
| 653 | _aOración de Jesús | ||
| 653 | _aTextos fundamentales de la iglesia | ||
| 653 | _aContemplación | ||
| 653 | _aAntología | ||
| 942 | _cBK | ||
| 999 |
_c44978 _d44978 |
||